000 00804nam a2200265Ia 4500
003 OSt
005 20220930075008.0
006 a|||||r|||| 00| 0
007 ta
008 220926b |||||||| |||| 00| 0 hin d
024 _a76658
037 _cTheses
040 _aCRL
_cCRL
_bhin
041 _2hin
_ahin
100 _aBaluja Harish Kumar
_9535246
110 _aUniversity of Delhi. Faculty of Arts. Department of Buddhist Studies
245 0 _aBharat mein bodh dharm aur maanvaadhikaar
260 _c2002
300 _a262p.
_ap.
_ccm.
650 _aBUDDHISM
700 _a Prof Sanghasen Singh Gu.
_9532448
700 _aUniversity of Delhi. Faculty of Arts. Department of Buddhist Studies
942 _cDIS
_2CC
999 _c867430
_d867430